<?xml version="1.0" encoding="UTF-8"?>
<marc:record xmlns:marc="http://www.loc.gov/MARC21/slim">
   <marc:leader>00000nam a2200000 a 4500</marc:leader>
   <marc:datafield ind1="1" ind2=" " tag="100">
      <marc:subfield code="a">Butcher, Tim</marc:subfield>
      <marc:subfield code="4">aut</marc:subfield>
      <marc:subfield code="e">Verfasser/-in</marc:subfield>
   </marc:datafield>
   <marc:datafield ind1="1" ind2=" " tag="100">
      <marc:subfield code="a">Butcher, Tim</marc:subfield>
   </marc:datafield>
   <marc:datafield ind1=" " ind2=" " tag="653">
      <marc:subfield code="a">Reiseerzählungen</marc:subfield>
   </marc:datafield>
   <marc:datafield ind1=" " ind2=" " tag="653">
      <marc:subfield code="a">Reisebericht</marc:subfield>
   </marc:datafield>
   <marc:datafield ind1="0" ind2="0" tag="245">
      <marc:subfield code="a">Blood river</marc:subfield>
   </marc:datafield>
   <marc:datafield ind1="0" ind2="0" tag="245">
      <marc:subfield code="b">ins dunkle Herz des Kongo</marc:subfield>
   </marc:datafield>
   <marc:datafield ind1="0" ind2="0" tag="245">
      <marc:subfield code="c">Tim Butcher. Aus dem Engl. von Klaus Pemsel</marc:subfield>
   </marc:datafield>
   <marc:datafield ind1=" " ind2="1" tag="264">
      <marc:subfield code="a">München</marc:subfield>
      <marc:subfield code="b">Frederking &amp; Thaler</marc:subfield>
      <marc:subfield code="c">2008</marc:subfield>
   </marc:datafield>
   <marc:datafield ind1="1" ind2=" " tag="490">
      <marc:subfield code="a">National geographic adventure press</marc:subfield>
      <marc:subfield code="v">340</marc:subfield>
   </marc:datafield>
   <marc:datafield ind1=" " ind2=" " tag="250">
      <marc:subfield code="a">Dt. Erstausg., 1. Aufl.</marc:subfield>
   </marc:datafield>
   <marc:datafield ind1="1" ind2=" " tag="520">
      <marc:subfield code="a">Angaben aus der Verlagsmeldung

Blood River : Ins dunkle Herz des Kongo Blood River / von Tim Butcher

Allen Warnungen vor marodierenden Rebellen zum Trotz reist Tim Butcher allein entlang des gesamten Kongo-Stroms, 2.500 Kilometer vom Tanganjika See an der Grenze zu Tansania bis nach Boma am Atlantischen Ozean. In Pirogen, auf einem Patrouillenschiff der UN, zu Fuß und mit Motorrädern durchmisst er „Afrikas gebrochenes Herz“, getrieben vom Wunsch, sich ein eigenes Bild von einem Land zu machen, das gegenwärtig durch die größte UN-Blauhelmmission der Welt mehr schlecht als recht stabilisiert wird. Entstanden ist ein mutiger, äußerst lesenswerter und hoch aktueller Augenzeugenbericht über das Leben und Überleben in einer der am schwersten zugänglichen Regionen Afrikas.
</marc:subfield>
   </marc:datafield>
   <marc:datafield ind1=" " ind2=" " tag="020">
      <marc:subfield code="a">9783894058623</marc:subfield>
      <marc:subfield code="9">9783894058623</marc:subfield>
   </marc:datafield>
   <marc:datafield ind1=" " ind2=" " tag="041">
      <marc:subfield code="a">ger</marc:subfield>
   </marc:datafield>
   <marc:datafield ind1=" " ind2=" " tag="300">
      <marc:subfield code="a">339 S.</marc:subfield>
   </marc:datafield>
</marc:record>
